Escape the Night Season 1 and 2 Deaths - Statistics

General Stats
  • This quiz has been taken 2,783 times
    2,750 since last reset
  • The average score is 20 of 21
Answer Stats
Question Answer % Correct
Food Poisoning Shane
99%
Toxic Gases Andrea
98%
Female Winner of Season 2 Andrea
98%
Buried Alive Justine
98%
Choked On Own Blood GloZell
96%
Electrocuted Lele
96%
Throat Slit by a Blue Harpy Liza
96%
Drank Poison Matt
96%
Stabbed in the Chest Alex
95%
Shot with a Green Energy Arrow DeStorm
95%
Heart Ripped Out by Pantheon Gabbie
95%
Stabbed in the Chest then Stomach by The Sorceress Joey
95%
Eaten Alive by Vampires Lauren
95%
Stomach Sliced by the Ice Guardian Tana
95%
Self-Inflicted Gunshot to the Head Timothy
95%
Female Winner of Season 1 Eva
94%
Male Winner of Season 1 Oli
94%
Died During Exorcism Sierra
94%
Eaten Alive by Jorogumo Jesse
93%
Male Winner of Season 2 Tyler
93%
Eaten Alive by Werewolves Alison
87%
No matching quizzes found
Score Distribution
Percent of People with Each Score
Percentile by Number Answered
Your Score History
You have not taken this quiz since the last reset